Да проговорим руски веднага (Запис номер 71366)
[ съкратено ]
| 000 -Лидер | |
|---|---|
| Контролно поле с фиксирана дължина | 02023nam a2200409 c 4500 |
| 003 - Код на организацията, давaща контролен номер | |
| Контролно поле | BLK |
| 005 - Дата и час на последна редакция | |
| Контролно поле | 20230505094139.0 |
| 008 - Елементи от данни с фиксирана дължина | |
| fixed length control field | 180408b bul|||||r ||||||| ||bul|| |
| 010 ## - Наследен системен номер | |
| LC control number | KNG00075734000 |
| 020 ## - Международен стандартен номер на книга ISBN | |
| Международен стандартен номер на книга ISBN | 978-954-26-0900-1 |
| -- | издат.: Хермес |
| 040 ## - Източник на каталожния запис | |
| Идентификатор на билиотеката - собственик на записа | BLK |
| 041 ## - Код за език | |
| Код за езика на текст/звукозапис или на отделно заглавие | Български |
| Код за езика КДБФ | Български |
| Други езици | Руски |
| 072 #7 - Код за тематичната категория | |
| Код организация | bullib |
| Код за тематична категория | Н80 |
| Текст | Езикознание Н |
| 080 ## - УДК | |
| Текстов определител УДК | Руски език |
| УДК код - определител по УДК | 811.161.1 |
| УДК определител | (075.4) |
| УДК - код + определител | 811.161.1(075.4) |
| 100 1# - Редна дума - Автор | |
| Автор | Вайсер, Лидия |
| Авторска отговорност | първи автор |
| R(LIN) | 45039 |
| 139 ## - Редно поле | |
| Редна дума | Вайсер, Лидия и др. |
| Авторски знак | Ваи - В 16 |
| 245 10 - Сведения за заглавието | |
| Заглавие | Да проговорим руски веднага |
| Подзаглавни данни | Ръководство за ускорена самоподготовка |
| Редно поле (дума) | Лидия Вайсер; съавт. Вероник Мьорг; съавт. Аниес Шалапутов; прев. Радка Атанасова Чобанова-Димова; прев. Наталия Василева Христова. |
| 257 ## - Страна на издаване | |
| Страна на създаване/издаване | Франция |
| 260 ## - Област на издателските данни | |
| -- | Пловдив |
| Име на издателя, разпространителя и проч. | Хермес |
| Година на издаване | 2010 |
| Печатница | Хасково : Полиграфюг |
| 300 ## - Физическа характеристика | |
| Страници | 174 с. |
| Размери/Мащаб | 18 см |
| Съпровождащи материали | 1 CD |
| 380 ## - Жанр | |
| Жанр | Езикознание. Филология |
| 490 1# - СЕРИИ (Колекции) | |
| Име на серия | Самоучители Хермес |
| 500 ## - Общи забележки | |
| Забележка | Ориг. загл. Le russe tout de suite / Lydia Vaisser, Veronique Meurgues. - Прил. със същото загл. и сигн. CD 4009. |
| 650 #4 - Допълнително описание по предмет – тема | |
| Основно описание – тема или топоним | Руски език - учебници за самообразование |
| 9 (RLIN) | 274411 |
| 653 ## - Ключова дума – ненормативна | |
| Ключова дума | руски език |
| 653 ## - Ключова дума – ненормативна | |
| Ключова дума | учебници за самообразование |
| 659 ## - Тематичен бюлетин | |
| Тематичен бюлетин | Н |
| 700 1# - Други автори (авторска отговорност) | |
| Лично име | Мьорг, Вероник |
| Автороска отговорност (Описва отношението между автора и произведението) | съавт. |
| 9 (RLIN) | 100001 |
| 700 1# - Други автори (авторска отговорност) | |
| Лично име | Шалапутов, Аниес |
| Автороска отговорност (Описва отношението между автора и произведението) | съавт. |
| 9 (RLIN) | 142567 |
| 700 1# - Други автори (авторска отговорност) | |
| Лично име | Чобанова-Димова, Радка Атанасова |
| Автороска отговорност (Описва отношението между автора и произведението) | прев. |
| 9 (RLIN) | 295370 |
| 700 1# - Други автори (авторска отговорност) | |
| Лично име | Христова, Наталия Василева |
| 9 (RLIN) | 367224 |
| 852 ## - Местоположение | |
| Форматна сигнатура | Цб І 34186 |
| 856 4# - Електронен адрес и достъп | |
| Електронен формат | pdf - файл |
| Път до файла /url/ | |
| 856 4# - Електронен адрес и достъп | |
| Електронен формат | pdf - файл |
| Път до файла /url/ | |
| 942 ## - АРТИКУЛИ | |
| Вид на библиотечния материал | Книги |
| Скрит в OPAC | Не |
| Koha issues (borrowed), all copies | 5 |
| 944 ## - СЪЗДАВАНЕ И РЕДАКЦИЯ на ЗАПИСА | |
| Създаване/Редакция | Създаване |
| Дата на регистрацията/редакция | 05.10.2011 |
| Статус, дата на статуса | ф / |
| Служител, извършил регистрацията/редакцията | Геновева_Генчева |
| 944 ## - СЪЗДАВАНЕ И РЕДАКЦИЯ на ЗАПИСА | |
| Създаване/Редакция | Редакция |
| Дата на регистрацията/редакция | 30.11.2015 |
| Статус, дата на статуса | ф / |
| Служител, извършил регистрацията/редакцията | Людмила_Стоянова |
| 999 ## - СИСТЕМНИ КОНТРОЛНИ НОМЕРА | |
| Koha biblionumber | 71366 |
| Koha biblioitemnumber | 71366 |
| Код за отписване | Код за изгубен артикул | Код за повреда | Коз за рестрикции | Код за отдаване | Артикулен № | Име на библиотеката - собственик | Име на библиотеката, в която се намира в момента | Статус (Текущо местоположение) | Дата на вписване в системата | Местоположение - отдел | Цена в лева | Инвентарен номер | Систематично азбучна сигнатура | Баркод | Номер на екземпляра | Цена в евро | Служебна бележка | Служебен тип на артикула | Източник на класификационната схема |
|---|---|---|---|---|---|---|---|---|---|---|---|---|---|---|---|---|---|---|---|
| Не е изгубен | Не е повреден | без рестрикции | ползва се в читалня | 116498 | Регионална библиотека "Любен Каравелов" Русе | Регионална библиотека "Любен Каравелов" Русе | Хранилище | 2011-10-05 | Хранилище | 5.95 | 120000753424 | Цб І 34186 | 120000753424 | 1 | 3.04 | Дост: Dp Вид: Д N: 10 Дата: 07.03.2011 | Книги | ||
| Не е изгубен | Не е повреден | без рестрикции | заемане за дома | 116499 | Регионална библиотека "Любен Каравелов" Русе | Регионална библиотека "Любен Каравелов" Русе | ЧЧЗО - англ. ез. - Британски съвет | 2015-07-21 | ЧЧЗО - англ. ез. - Британски съвет | 5.36 | 120000790297 | Ч3 808.2/В 16 | 120000790297 | 2 | 2.74 | Дост: Pk Вид: Ф N: 522 Дата: 17.07.2015 | Книги | Universal Decimal Classification |